1827 1296 1658 1865 1719 1194 1333 1510 1246 1797 1937 1693 1176 1087 1816 1788 1771 1033 1690 1020 1521 1955 1703 1249 1560 1705 1495 1250 1787 1842 1502 1245 1714 1701 1177 1814 1936 1553 1233 1587 1848 1289 1689 1014 1878 1078 1487 1651 1603 1605 1073 1479 1187 1648 1835 1213 1527 1025 1042 1692 1896 1298 1094 1583 1302 1477 1607 1385 1989 1214 1269 1505 1930 1012 1570 1891 1474 1848 1138 1265 1620 1816 1699 1021 1234 1510 1662 1300 1545 1563 1015 1580 1643 1056 1860 1220 1064 1707 1237 BCNSPRNW ULIB Ver.6.0+V

เปลี่ยนเป็นภาษาไทย

Change to English
 แสดงรายละเอียดบรรณานุกรม
  กลับหน้าหลัก

Brief Record : Get Marc (ISO 2709) : E-mail record : QR code < ปิดหน้าต่าง
LEADER : 00000nam 2200000uu 4500
001    13399114472
003     ULIB
008    120404s2552||||th 000 0 tha d
020    ^a9786160600793
090    ^aนว.^bจ757F 2552
100 0  ^aเจ้าหญิงผู้เลอโฉม
245 00 ^aFake หลอกรักลวงหัวใจยัยตัวร้าย/^cเจ้าหญิงผู้เลอโฉม
250    ^aพิมพ์ครั้งที่ 1
260    ^aกรุงเทพฯ :^bแจ่มใส,^c2552
300    ^a261 หน้า
710 1  ^aแจ่มใส
945    ^p189^l0^i16424
995    ^aกัณชพร
999    ^aใช้งานได้ทุกระบบ
รายการนี้ยังไม่มีแท็ก
คุณยังไม่ได้ล็อกอิน คุณสามารถมีกิจกรรมร่วมกับเว็บไซต์ได้ แต่ต้องล็อกอินก่อน ::
  ล็อกอิน

รายการสื่อสารสนเทศ

ลำดับที่ ประเภท เลขเรียก/บาร์โค้ด สถานที่ สถานะ
1. นวนิยาย
นวนิยาย
นว. จ757F 2552  
  Barcode: 16424
ห้องสมุดวิทยาเขตสวรรค์ประชารักษ์
►นวนิยาย
บนชั้น
  ขอยืม

รายการใกล้เคียง
    ผู้แต่ง [เจ้าหญิงผู้เลอโฉม]

BibComment


ยังไม่เคยถูกคอมเมนท์

คอมเมนท์ทรัพยากรรายการนี้
  คอมเมนท์: Fake หลอกรักลวงห..


 Copyright 2026. Bcnsprnw @Library